000 00287nam a22001337a 4500
008 170927b xxu||||| |||| 00| 0 eng d
020 _a9781133357490
041 _aeng
080 _a37
100 _a47
101 _aEDU
245 _aINTRODUCTORY LOGIC
_cHURLEY,P,J
942 _2udc
_cBK
999 _c30228
_d30228